000 00695nam a2200241Ia 4500
003 OSt
005 20220918180821.0
006 a|||||r|||| 00| 0
007 ta
008 220917b |||||||| |||| 00| 0 eng d
024 _a24,306
037 _cTextual
040 _aARTS
_cARTS
_beng
041 _2eng
_aeng
082 _aO:u3:L8, J0
100 _aCompton-Rickett Arthur
_957193
245 0 _aEnglish ranascence to the romantic revival 1650-1780ed by Peter West Land
260 _c1950
490 _aTeach yourself history of English literature; 3
650 _aENGLISH LITERATURE
942 _hO:u3:L8, J0
_cTEXL
_2CC
999 _c163278
_d163278